Generátor počasia pre zrážkovo-odtokové modelovanie hydrologických extrémov a variability odtokového procesu

Salvato in:
Dettagli Bibliografici
Autore principale: Výleta, Roman (Autore)
Altri autori: (Relatore della tesi)
Natura: Manoscritto Libro
Lingua:slovacco
Pubblicazione: 2022
Soggetti:
Accesso online:http://is.stuba.sk/zp/portal_zp.pl?podrobnosti_zp=88156
Tags: Aggiungi Tag
Nessun Tag, puoi essere il primo ad aggiungerne!!

MARC

LEADER 00000ntm a22000003a 4500
001 stuzp88156
003 SK-STU
005 20220528210241.1
007 ta
008 150427s2015----xo-----f-mn---000-0-slo-d
040 |a STU  |b slo 
041 0 |a slo 
100 1 |a Výleta, Roman  |u 010160  |k Z1  |4 aut  |U SvF Stavebná fakulta  |T SvF Katedra vodného hospodárstva krajiny  |X 16811  |U V160  |Y 16  |7 A000016811 
242 0 1 |a Weather generator for rainfall-runoff modeling of hydrological extremes and variability of runoff process  |y eng 
245 1 0 |a Generátor počasia pre zrážkovo-odtokové modelovanie hydrologických extrémov a variability odtokového procesu 
260 |c 2022 
650 4 |a hydrometeorologické extrémy  |2 slo 
650 4 |a variabilita prietokov  |2 slo 
650 4 |a priestorový generátor počasia  |2 slo 
650 4 |a hydrometeorological extremes  |2 eng 
650 4 |a multi-site weather generator  |2 eng 
650 4 |a variability of river flows  |2 eng 
700 1 |a ,  |4 ths  |X null  |7 null 
856 4 |u http://is.stuba.sk/zp/portal_zp.pl?podrobnosti_zp=88156 
996 |b 284V038138  |c V* 3500/HP-256  |l VVS  |s P  |a 0  |w stuzp88156_0001